000 04658cam a22011654i 4500
003 PE-LiUPU
005 20250813185530.0
008 150625s r 000 0 d
035 _a(Sirsi) a38625
040 _aPE-LiUPU
_bspa
_cPE-LiUPU
_erda
082 0 4 _a376.5
_bG88
_221
100 1 _aGuevara Gómez, Hilda,
_eautor.
245 1 0 _aParadigmas y realidad :
_ben la universidad peruana del siglo XXI /
_cHilda Guevara Gómez y Javier Flores Arocutipa.
264 1 _aTacna :
_bGraficom,
_c2007.
300 _a176 páginas :
_bilustraciones, tablas ;
_c21 cm.
336 _atext
_2rdacontent
337 _aunmediated
_2rdamedia
338 _avolume
_2rdacarrier
504 _aIncluye bibliografía.
505 0 _aLa universidad pública salvará al Perú. -La universidad privada garantiza calidad académica. -El Perú es un país rico. -El presupuesto general de la República "puede con todo" lo ideal y la realidad. -Es posible lograr la calidad educativa en el corto plazo. -La educación superior en el Perú no debe privatizarse. -Hay presupuesto para impulsar la educación de calidad como en el Brasil, Finlandia, Noruega. -No hay incremento del presupuesto universitario. -Masificación de la educación superior. -Mito o realidad: "educación gratuita para todos". -Ranking de universidades por carreras profesionales que han saturado el mercado profesional. Cuando los recursos se "optimizan" en la educación pública peruana. -La privatización de la educación superior peruana. -¿Tercera reforma universitaria?. -La autonomía universitaria debe defenderse a cualquier precio. -La elección universal y secreta de las universidades es la selección para la corrupción y gestión de calidad educativa de las universidades. -Hay demasiados profesionales, hay mucho capital humano. -Los profesionales generalmente están como taxistas. -Bachillerato con tesis o sin tesis. -Los ingresos directamente recaudados de la universidad pública. -Hoy debemos concentrarnos en la internalización de la educación. -Estamos viviendo la segunda reforma universitaria. -La calidad académica, garantiza el Ministerio de Educación. -Las universidades siempre han tenido un carácter nacional nunca internacional. -Una buena gestión universitaria se consolida si las carreras profesionales se transforman en Facultades. -Nuestros docentes ya ostentan el grado de Magister. -El problema central de las universidades no es la investigación, la producción de conocimientos, es gestión y gobierno. -La educación virtual a distancia es inviable en nuestra época. -No es necesario un ranking de universidades en el Perú.
526 _aP202
526 _aP201
526 _aP163
526 _aP162
526 _aP161
526 _aP160
526 _aP148
526 _aP147
526 _aP146
526 _aP145
526 _aP144
526 _aP143
526 _aP142
526 _aP141
526 _aP140
526 _aP139
526 _aP138
526 _aP137
526 _aP136
526 _aP135
526 _aP134
526 _aP133
526 _aP129
526 _aP128
526 _aP127
526 _aP120
526 _aP119
526 _aP118
526 _aP116
526 _aP115
526 _aP114
526 _aP110
526 _aP109
526 _aP108
526 _aP104
526 _aP103
526 _aP102
526 _aP99
526 _aP98
526 _aP97
526 _aP96
526 _aP95
526 _aP93
526 _aP90
526 _aP89
526 _aP88
526 _aP83
526 _aP82
526 _aP62
526 _aP59
526 _aP58
526 _aP57
526 _aP51
526 _aP49
526 _aP48
526 _aP47
526 _aP29
526 _aP24
526 _aP20
526 _aP19
526 _aP17
526 _aP15
526 _aP14
526 _aP12
526 _aP10
526 _aP09
526 _aP08
526 _aP07
526 _aP06
526 _aP05
526 _aP04
526 _aP01
650 0 4 _aEducación superior
_zPerú
_ySiglo XXI.
910 _bjv
_clch
_d20080319
942 _2ddc
_cBOOK
949 _a376.5 G88
_wDEWEY
_c1
_i57943
_lCCODEBUL1
_mBUL
_p00.00
_r0
_sY
_tBOOK
_u2015-06-25
_xBIBLIOTECA
_zUNKNOWN
_0COMPRA
_o.STAFF. Colección General
596 _a1
999 _a376.5 G88
_wDEWEY
_c46929
_i57943
_f2021-11-8
_g5
_lCCODEBUL1
_mBUL
_r0
_sN
_tBOOK
_u2015-6-25
_xEDUCACION
_zUNKNOWN
_0COMPRA
_o.STAFF. Colección General
_d46929
980 _81
_gALBERTO SANCHEZ Responsable de Automatización